|
|
|
|
| LEADER |
01570njm a2200397 a 4500 |
| 001 |
000303489 |
| 003 |
CZ BrMZK |
| 005 |
20091127124231.0 |
| 008 |
010907s1997 au f eng d |
| 028 |
0 |
3 |
|a SM2K 63089
|b Sony Music Entertainment
|
| 040 |
|
|
|a BOA001
|b cze
|
| 080 |
|
|
|a 782.91(086.7)
|2 MRF
|
| 080 |
|
|
|a 783.21"19"(086.7)
|2 MRF
|
| 080 |
|
|
|a 78"19"(086.7)
|2 MRF
|
| 080 |
|
|
|a 792.54(086.7)
|2 MRF
|
| 100 |
1 |
|
|a Bernstein, Leonard,
|d 1918-1990
|7 jn20000600836
|4 cmp
|4 lyr
|4 cnd
|
| 245 |
1 |
0 |
|a Mass
|h [zvukový záznam] /
|c Leonard Bernstein. : a theatre piece for singers, players and dancers
|
| 260 |
|
|
|a [S.l.] :
|b Sony Music Entertainment,
|c c1997
|
| 300 |
|
|
|a 2 CD :
|b ADD ;
|c 12 cm +
|e 1 brožura (87 s.).
|
| 306 |
|
|
|a 005410
|a 010421
|
| 490 |
1 |
|
|a Bernstein century
|
| 500 |
|
|
|a Durata 54:10, 64:21
|
| 500 |
|
|
|a Text v brož. vícejaz. - Text skladby v brož.
|
| 500 |
|
|
|a Nahr. 1971
|
| 511 |
0 |
|
|a Alan Titus, celebrant. The Norman Scribner Choir; The Berkshire Boy Choir; Orchestra conducted by Leonard Bernstein.
|
| 653 |
0 |
|
|a mše
|a scénická hudba
|a smíšené sbory
|
| 700 |
1 |
|
|a Titus, Alan,
|d 1945-
|7 jx20060328030
|4 prf
|
| 710 |
2 |
|
|a Berkshire Boy Choir
|7 mzk2008466770
|4 prf
|
| 710 |
2 |
|
|a Norman Scribner Choir (pěvecký sbor)
|4 prf
|
| 830 |
|
0 |
|a Bernstein century
|
| 910 |
|
|
|a BOA001
|b CD-0006.023
|
| 964 |
|
|
|a Mše
|z stol.20.,pol.2.
|x CD
|
| 964 |
|
|
|a Hudba scénická
|x CD
|
| 964 |
|
|
|a Hudba
|z stol.20.,pol.2.
|x CD
|
| 990 |
|
|
|a AV
|
| 996 |
6 |
|
|b 261H006255
|c CD-0006.023
|l MZK
|r Sklad / do 24 hodin
|n 0
|p kup zahr
|w 000303489
|u 000010
|a 1
|e BOA001
|j MZK50
|s P
|